|
|
|
|
| LEADER |
00000nam a2200000 i 4500 |
| 001 |
IT\ICCU\BVE\0141158 |
| 003 |
ItRI |
| 005 |
20260115231939.0 |
| 008 |
980804s1998 it |||||| ||||| |||||c |
| 015 |
|
|
|2 IT
|a 99-6413
|
| 020 |
|
|
|a 8881791099
|
| 040 |
|
|
|b ita
|c importazione bologna sebina
|
| 041 |
|
7 |
|a ita
|2 ISO-639-2
|
| 082 |
|
|
|a 796
|9 SPORT E GIOCHI ATLETICI E ALL'APERTO
|2 20
|
| 100 |
1 |
|
|a Missaglia, Gianmario
|0 IT\ICCU\BVEV\055564
|4 aut
|
| 245 |
1 |
3 |
|a Il baro e il guastafeste :
|b il futuro dello sport /
|c Gianmario Missaglia ; interventi di Klaus Heinemann ... \et al.!.
|
| 260 |
|
|
|a Roma :
|b SEAM,
|c 1998
|
| 300 |
|
|
|a 172 p. ;
|c 21 cm
|
| 500 |
|
|
|a In appendice: Dichiarazione programmatica UISP.
|
| 650 |
|
7 |
|a Sport
|
| 700 |
1 |
|
|a Heinemann, Klaus
|0 IT\ICCU\MILV\018318
|
| 942 |
|
|
|2 ddc
|c BK
|n 0
|
| 952 |
|
|
|0 0
|1 0
|4 0
|6 DOC_796_010000000000000_MIS
|7 0
|9 17519
|a BO
|b BO
|d 2026-01-15
|i 4293
|l 0
|o DOC 796.01 MIS
|p BO4293
|r 2026-01-15 23:19:39
|w 2026-01-15
|x [Sebina 5] [1 v.]
|y BK
|z 1 v.
|
| 999 |
|
|
|c 14941
|d 14941
|